000
00305nam a2200109 u 4500
005
20210219155821.0
008
071011s2000 r 000 0 eng d
035
_a
UPN01000152895
245
0
0
_a
Sociedad secreta /
_c
dir. Rob Cohen.
260
_a
EE.UU. :
_b
Universal MCA,
_b
Quality films,
_c
2000.
905
_a
Au
999
_c
125018
_d
125018